Statistics for Busiest Sydney Train Stations

Click here to take the quiz!

General Stats

  • This quiz has been taken 129 times
  • The average score is 13 of 20

Answer Stats

HintAnswer% Correct
1Central
99%
2Town Hall
96%
6Redfern
90%
4Parramatta
89%
3Wynyard
89%
5North Sydney
82%
11Strathfield
77%
7Chatswood
76%
9Circular Quay
73%
10Martin Place
67%
19Museum
67%
15Blacktown
65%
8Bondi Junction
64%
13Burwood
57%
16Kings Cross
46%
20Lidcombe
40%
17Mascot
40%
14St Leonards
36%
12Hurstville
34%
18Auburn
25%

Score Distribution

Percentile by Number Answered

Percent of People with Each Score

Your Score History

You have not taken this quiz